[Event "Olimpiade 2024 - Donne"]
[Site "Budapest"]
[Date "21.09.2024"]
[Round "10.29"]
[Board "2"]
[White "Milovic, Aleksandra"]
[Black "Caxita, Esperanca"]
[Result "0-1"]
[WhiteTitle "WIM"]
[BlackTitle "WIM"]
[WhiteElo "2121"]
[BlackElo "1932"]
[WhiteTeam "Montenegro"]
[BlackTeam "Angola"]
[WhiteFideId "933988"]
[BlackFideId "10100903"]
[EventDate "2024.09.11"]

1. e4 d5 2. exd5 Qxd5 3. Nc3 Qd6 4. d4 Nf6 5. Nf3 Nc6 6. Nb5 Qd8 7. Be2 a6 8.
Na3 Bg4 9. O-O e6 10. Nc4 Be7 11. c3 O-O 12. h3 Bh5 13. a4 Re8 14. Bf4 Nd5 15.
Bh2 Bf6 16. Re1 Rb8 17. Qd2 h6 18. Rad1 b5 19. axb5 axb5 20. Nce5 Nxe5 21. Nxe5
Bxe2 22. Nc6 Qc8 23. Qxe2 Rb7 24. Ra1 Rb6 25. Ne5 c6 26. Ra7 Ra6 27. Ra1 Rxa1+
28. Rxa1 Qb7 29. Nd3 Ra8 30. Qd1 Be7 31. Be5 Rxa1 32. Qxa1 f6 33. Bg3 Kf7 34. h4
h5 35. Qd1 g6 36. Qc2 Qa6 37. Kh2 Qa2 38. Bf4 Bf8 39. Bc1 Bd6+ 40. g3 Qc4 41.
Bd2 Qa2 42. Qd1 Nb6 43. Qf3 Qd5 44. Qe2 Qc4 45. Qe3 Qd5 46. Nf4 Qf5 47. b3 Qg4
48. Kg2 Qf5 49. Qf3 Bxf4 50. Qxf4 Qxf4 51. Bxf4 Nd5 52. Bd2 Ke7 53. Kf3 Kd6 54.
Ke4 e5 55. dxe5+ fxe5 56. f3 Nf6+ 57. Kd3 Nd7 58. b4 Kd5 59. Be3 Nf6 60. Bg5 Ne8
61. Be7 Ng7 62. g4 Ne6 63. Bf6 Nf4+ 64. Ke3 Ke6 65. Bg5 Nd5+ 66. Kd3 Nb6 67. Ke4
Na4 68. Bd2 Nb6 69. Bg5 Nc4 70. Bh6 Nd6+ 71. Kd3 Kd5 72. Bf8 Nc4 73. gxh5 gxh5
74. Bg7 Nd6 75. Bf8 Nf5 76. Bc5 Nxh4 77. Ke2 Nf5 78. Kd3 h4 79. Bg1 Ng3 80. Bf2
Nf5 81. Bg1 h3 82. Bh2 Nd6 83. Bg3 Ke6 84. Bh2 Kf5 85. Ke3 Ne8 86. Kd3 Nf6 87.
c4 Nd7 88. Bg3 Nb6 89. cxb5 cxb5 90. Bh2 Nd5 0-1

[Event "Olimpiade 2024 - Donne"]
[Site "Budapest"]
[Date "21.09.2024"]
[Round "10.29"]
[Board "3"]
[White "Junior, Ednasia"]
[Black "Koljevic, Nikolina"]
[Result "0-1"]
[WhiteTitle "WFM"]
[BlackTitle "WFM"]
[WhiteElo "1888"]
[BlackElo "2030"]
[WhiteTeam "Angola"]
[BlackTeam "Montenegro"]
[WhiteFideId "10105980"]
[BlackFideId "16503945"]
[EventDate "2024.09.11"]

1. c4 e6 2. Nf3 Nf6 3. g3 d5 4. Bg2 Be7 5. O-O O-O 6. d4 dxc4 7. Ne5 Nc6 8. Nxc6
bxc6 9. Na3 Bxa3 10. bxa3 Rb8 11. Qd2 Qd7 12. e3 Nd5 13. Qa5 Rb5 14. Qa4 Rb6 15.
e4 Ra6 16. Qxc4 Nb6 17. Qc3 Na4 18. Qb4 Rd8 19. Be3 Nb6 20. Rfc1 Bb7 21. Rab1
Qd6 22. Rc5 Ba8 23. Bf1 Ra4 24. Qb3 e5 25. dxe5 Qe6 26. Rd1 Re8 27. Qxe6 fxe6
28. Rd4 Rxa3 29. Rc2 Ra5 30. f4 c5 31. Rdd2 Bxe4 32. Rxc5 Ra3 33. Bf2 Nd5 34.
Bc4 Rb8 35. Bb3 Rbxb3 36. axb3 Ra1+ 37. Be1 Rxe1+ 38. Kf2 Rh1 39. h4 Rh2+ 40.
Ke1 Rh1+ 41. Kf2 Rb1 42. Rb5 h5 43. Ra2 Kh7 44. Rb8 a5 45. Re8 Bf5 46. Rb8 a4
47. Rxa4 Rb2+ 48. Kg1 Bh3 49. Re4 Rg2+ 50. Kh1 Nc3 51. Re3 Nd1 52. Rf3 Nf2+ 53.
Rxf2 Rxf2 54. Rb4 Rc2 55. Rd4 Kg6 56. Rd7 c5 57. Rc7 Bg2+ 58. Kg1 Bd5 59. b4
Rg2+ 60. Kf1 cxb4 0-1

[Event "Olimpiade 2024 - Donne"]
[Site "Budapest"]
[Date "21.09.2024"]
[Round "10.29"]
[Board "4"]
[White "Popovic, Mateja"]
[Black "Pires, Luzia"]
[Result "1/2-1/2"]
[BlackTitle "WFM"]
[WhiteElo "1932"]
[BlackElo "1877"]
[WhiteTeam "Montenegro"]
[BlackTeam "Angola"]
[WhiteFideId "16504518"]
[BlackFideId "10101012"]
[EventDate "2024.09.11"]

1. d4 Nf6 2. c4 e6 3. Nf3 b6 4. g3 Bb4+ 5. Bd2 Be7 6. Nc3 Bb7 7. Bg2 O-O 8. O-O
d5 9. Ne5 c5 10. dxc5 Bxc5 11. Bg5 h6 12. Bf4 Nbd7 13. Nd3 Be7 14. cxd5 Nxd5 15.
Nxd5 Bxd5 16. Bxd5 exd5 17. Rc1 Bg5 18. Qb3 Re8 19. Qxd5 Bxf4 20. Nxf4 Nf6 21.
Qb7 Re7 22. Qf3 Rc8 23. e3 Rxc1 24. Rxc1 Rc7 25. Rxc7 Qxc7 26. Qd1 Kf8 27. Ne2
Qd7 28. Qxd7 Nxd7 29. Nd4 a5 30. f4 Nc5 31. Kf1 Ke7 32. Ke2 g6 33. a3 a4 34. Nb5
Ke6 35. Nc3 f5 36. h3 h5 37. Kd2 Kd6 38. e4 Nxe4+ 39. Nxe4+ fxe4 40. Ke3 Kd5 41.
g4 hxg4 42. hxg4 b5 43. g5 Kc4 44. Kxe4 Kb3 45. f5 gxf5+ 46. Kxf5 Kxb2 47. g6
Kxa3 48. g7 b4 49. g8=Q b3 50. Qg1 Ka2 51. Qc1 a3 52. Qc4 Ka1 53. Ke4 b2 54. Qc3
Ka2 55. Qc2 Ka1 1/2-1/2

[Event "Olimpiade 2024 - Donne"]
[Site "Budapest"]
[Date "21.09.2024"]
[Round "10.30"]
[Board "1"]
[White "Mendoza, Shania Mae"]
[Black "Ptacnikova, Lenka"]
[Result "0-1"]
[WhiteTitle "WFM"]
[BlackTitle "WGM"]
[WhiteElo "2013"]
[BlackElo "2065"]
[WhiteTeam "Philippines"]
[BlackTeam "Iceland"]
[WhiteFideId "5211158"]
[BlackFideId "305650"]
[EventDate "2024.09.11"]

1. e4 e5 2. Nf3 Nf6 3. Nc3 Nc6 4. d4 exd4 5. Nxd4 Bb4 6. Nxc6 bxc6 7. Bd3 O-O 8.
O-O Re8 9. Qf3 h6 10. Bf4 d6 11. h3 Bc5 12. Bg3 Bd4 13. Rad1 Rb8 14. Na4 Bd7 15.
c3 Be5 16. Bc2 c5 17. Rfe1 Qc8 18. Qd3 c4 19. Qe3 Bxg3 20. Qxg3 Bxa4 21. Bxa4
Rxe4 22. b3 Qe6 23. f3 Re2 24. Kf1 Rxe1+ 25. Rxe1 Qf5 26. Kg1 Qc2 27. Qf4 Qxc3
28. Rc1 Nd5 29. Rxc3 Nxf4 30. Rxc4 Ne6 31. Bc6 Kf8 32. Bd5 c5 33. Ra4 Nc7 34.
Be4 a6 35. Bd3 Rb4 36. Ra5 Rb6 37. Ra4 Rb4 38. Ra5 Rb6 39. Ra4 d5 40. Kf2 Ke7
41. Ke3 Kd6 42. g3 Rb4 43. Ra5 Kc6 44. h4 Kb6 45. Ra3 a5 46. Bc2 Nb5 47. Ra4
Rxa4 48. bxa4 Nc3 49. a3 Kc6 50. Kd3 d4 51. Kc4 Kd6 52. g4 f6 53. f4 Kc6 54. g5
Kd6 55. gxh6 gxh6 56. h5 Nd5 57. Kb5 Nxf4 58. Kxa5 d3 59. Bb3 Kc6 60. Bd1 d2 61.
Ka6 c4 62. a5 Nd5 63. Bc2 Nc3 64. Ka7 d1=Q 65. Bxd1 Nxd1 66. a6 Kc7 0-1

[Event "Olimpiade 2024 - Donne"]
[Site "Budapest"]
[Date "21.09.2024"]
[Round "10.30"]
[Board "2"]
[White "Thorsteinsdottir, Hallgerdur"]
[Black "Frayna, Janelle Mae"]
[Result "0-1"]
[WhiteTitle "WFM"]
[BlackTitle "WGM"]
[WhiteElo "1938"]
[BlackElo "2216"]
[WhiteTeam "Iceland"]
[BlackTeam "Philippines"]
[WhiteFideId "2302454"]
[BlackFideId "5212499"]
[EventDate "2024.09.11"]

1. e4 Nf6 2. e5 Nd5 3. d4 d6 4. Nf3 g6 5. Bc4 Nb6 6. Bb3 Bg7 7. Ng5 d5 8. O-O
O-O 9. c3 f6 10. exf6 exf6 11. Nf3 Bf5 12. Bf4 Nc6 13. Re1 Qd7 14. Bc2 Rf7 15.
h3 Nc4 16. b3 Nd6 17. Bxf5 Nxf5 18. Nbd2 Bf8 19. Nf1 g5 20. Bh2 h5 21. Qd3 g4
22. hxg4 hxg4 23. N3d2 Bh6 24. Ng3 Nxg3 25. Qg6+ Bg7 26. Bxg3 Ne7 27. Qh5 Qf5
28. Qxf5 Nxf5 29. Bf4 Nh4 30. Nf1 Ng6 31. Bd2 f5 32. Ne3 c6 33. g3 Bh6 34. Rad1
Kg7 35. Kg2 Rh8 36. Rh1 Nf8 37. f3 gxf3+ 38. Kxf3 Ne6 39. Ng2 Bxd2 40. Rxh8 Ng5+
41. Ke2 Kxh8 42. Rxd2 Ne4 43. Rd3 Rg7 44. Nh4 Rg5 45. Rf3 Nxg3+ 46. Ke3 Kg7 47.
Kf4 Rg4+ 48. Ke5 Re4+ 49. Kd6 Rxh4 50. Rxg3+ Kf6 51. Kc7 Rh7+ 52. Kd6 f4 53. Rf3
Kf5 54. c4 Ke4 55. Rf1 f3 56. cxd5 cxd5 0-1

[Event "Olimpiade 2024 - Donne"]
[Site "Budapest"]
[Date "21.09.2024"]
[Round "10.30"]
[Board "3"]
[White "Fronda, Jan Jodilyn"]
[Black "Helgadottir, Idunn"]
[Result "1/2-1/2"]
[WhiteTitle "WIM"]
[WhiteElo "2165"]
[BlackElo "1837"]
[WhiteTeam "Philippines"]
[BlackTeam "Iceland"]
[WhiteFideId "5204585"]
[BlackFideId "2314118"]
[EventDate "2024.09.11"]

1. e4 c5 2. c3 Nf6 3. e5 Nd5 4. Nf3 d6 5. exd6 Qxd6 6. d4 cxd4 7. Nxd4 g6 8. Be2
a6 9. Na3 Bd7 10. Nc4 Qc7 11. Nf3 Nf6 12. Be3 Nc6 13. Bb6 Qf4 14. O-O Bg7 15.
Qc1 Nd5 16. Rd1 Qxc1 17. Raxc1 Nf4 18. Bf1 Bg4 19. Re1 Bxf3 20. gxf3 Nd5 21. Bc5
O-O 22. Nb6 Nxb6 23. Bxb6 Ne5 24. Kg2 Nd7 25. Ba5 e6 26. Rcd1 Nc5 27. f4 Na4 28.
Re4 b5 29. Rd2 Rac8 30. Re3 Rfe8 31. Kg3 Bh6 32. Rc2 Nc5 33. Bg2 e5 34. Rxe5
Bxf4+ 35. Kxf4 Nd3+ 36. Kg3 Rxe5 37. h4 b4 38. Bb6 bxc3 39. Bd4 Ra5 40. Bxc3
Rxa2 41. Re2 Kf8 42. Re3 Nc5 43. Bd5 Ra4 44. b3 Ne4+ 45. Kg2 Nxc3 46. Bb7 Rxh4
47. Bxc8 Nd5 48. Re5 Nb4 49. Ra5 h5 50. Ra4 g5 51. Ra5 f6 52. Bxa6 Rg4+ 53. Kh2
Rf4 54. Kg2 Kf7 55. Bc4+ Ke7 56. Ra4 Nc6 57. Be2 Rxa4 58. bxa4 h4 59. f4 Nd4 60.
fxg5 fxg5 61. Bg4 Kd6 62. Kh3 Ne6 63. Bf3 Kc5 64. Kg4 Kb4 65. Bc6 Kc5 66. Bd7
Kd6 67. Bc8 Nc5 68. a5 Kc7 69. Bf5 Nb3 70. Kxg5 Nxa5 71. Kxh4 1/2-1/2

[Event "Olimpiade 2024 - Donne"]
[Site "Budapest"]
[Date "21.09.2024"]
[Round "10.30"]
[Board "4"]
[White "Briem, Gudrun Fanney"]
[Black "Canino, Ruelle"]
[Result "0-1"]
[WhiteElo "1764"]
[BlackElo "2004"]
[WhiteTeam "Iceland"]
[BlackTeam "Philippines"]
[WhiteFideId "2317486"]
[BlackFideId "5220416"]
[EventDate "2024.09.11"]

1. d4 g6 2. c4 Bg7 3. Nc3 d6 4. e4 Nd7 5. Nf3 e5 6. dxe5 dxe5 7. Be2 Ngf6 8. O-O
O-O 9. Bg5 h6 10. Bxf6 Qxf6 11. b4 c6 12. Qb3 Re8 13. Rac1 Nf8 14. Rfd1 Ne6 15.
Bf1 g5 16. Ne2 g4 17. Nd2 h5 18. c5 Bh6 19. Rb1 Ng5 20. Qc3 h4 21. f4 gxf3 22.
gxf3 Nh3+ 23. Bxh3 Bxh3 24. Kf2 Kh7 25. Nc4 Bf4 26. Ng1 Be6 27. h3 Rg8 28. Ne2
Bxh3 29. Rh1 Bg2 30. Rbg1 h3 31. Nd6 Qh4+ 0-1

[Event "Olimpiade 2024 - Donne"]
[Site "Budapest"]
[Date "21.09.2024"]
[Round "10.31"]
[Board "1"]
[White "Cordero, Daniela"]
[Black "Sulyok, Eszter"]
[Result "1-0"]
[WhiteTitle "WIM"]
[WhiteElo "2017"]
[BlackElo "2080"]
[WhiteTeam "Bolivia"]
[BlackTeam "Hungary C"]
[WhiteFideId "3301630"]
[BlackFideId "769762"]
[EventDate "2024.09.11"]

1. d4 Nf6 2. Nf3 e6 3. e3 d5 4. Bd3 c5 5. b3 cxd4 6. exd4 Bb4+ 7. c3 Bd6 8. O-O
O-O 9. Re1 h6 10. Ne5 Nc6 11. Qf3 Ne8 12. Qh3 f5 13. Ba3 a6 14. Bxd6 Nxd6 15.
Nxc6 bxc6 16. Qe3 Qh4 17. f3 a5 18. a4 f4 19. Qe2 Nf5 20. Nd2 Qe7 21. Nf1 c5 22.
Qe5 Qa7 23. dxc5 Qxc5+ 24. Kh1 Ne7 25. Rac1 Bd7 26. Nd2 Nc6 27. Qe2 Rae8 28. Bb1
e5 29. b4 axb4 30. cxb4 Qxb4 31. Qd3 Qd6 32. Nc4 Qe6 33. Nb6 e4 34. fxe4 Ne5 35.
Qxd5 f3 36. Nxd7 Qxd5 37. exd5 f2 38. Nxf8 Nd3 39. Rf1 Nxc1 40. Ne6 Ne2 41. Rxf2
Nc3 42. Bg6 Rc8 43. Rc2 1-0

[Event "Olimpiade 2024 - Donne"]
[Site "Budapest"]
[Date "21.09.2024"]
[Round "10.31"]
[Board "2"]
[White "Gombocz, Zsofia"]
[Black "Monroy G., Nataly A."]
[Result "1/2-1/2"]
[WhiteTitle "WFM"]
[BlackTitle "WIM"]
[WhiteElo "2061"]
[BlackElo "1939"]
[WhiteTeam "Hungary C"]
[BlackTeam "Bolivia"]
[WhiteFideId "763314"]
[BlackFideId "3304019"]
[EventDate "2024.09.11"]

1. e4 c5 2. Nf3 g6 3. Bc4 Bg7 4. c3 e6 5. d4 cxd4 6. Nxd4 a6 7. O-O Qc7 8. Bb3
Ne7 9. Bg5 Nbc6 10. Nd2 Nxd4 11. cxd4 Bxd4 12. Nc4 Nc6 13. Bh6 b5 14. Ne3 Bb7
15. Qe2 O-O-O 16. a4 b4 17. Rac1 Kb8 18. h3 f5 19. Nc2 Qe5 20. Qd2 Ka8 21. Bf4
Qc5 22. Ne3 Bxe3 23. Bxe3 Qe5 24. Bf4 Qd4 25. Qxd4 Nxd4 26. Bc4 Nc6 27. e5 h6
28. Rfe1 g5 29. Be3 Nxe5 30. Bd4 Nxc4 31. Bxh8 Rxh8 32. Rxc4 b3 33. Rd1 Bc6 34.
Rb4 Rb8 35. Rdd4 Ka7 36. a5 Rb5 37. Rxb5 axb5 38. Rb4 Ka6 39. Rxb3 Kxa5 40. g3
b4 41. Re3 Kb5 42. f4 gxf4 43. gxf4 Kc4 44. Kf2 Kd4 45. Rb3 Kc4 46. Re3 h5 47.
Kg3 Kd4 48. Rb3 Kc4 49. Re3 Kd4 50. Rb3 Kc4 51. Re3 Kd4 1/2-1/2

[Event "Olimpiade 2024 - Donne"]
[Site "Budapest"]
[Date "21.09.2024"]
[Round "10.31"]
[Board "3"]
[White "Gareca Ordonez, Carla Angelica"]
[Black "Nandin-Erdene, Davaademberel"]
[Result "0-1"]
[WhiteElo "1778"]
[BlackElo "2039"]
[WhiteTeam "Bolivia"]
[BlackTeam "Hungary C"]
[WhiteFideId "3332187"]
[BlackFideId "12982016"]
[EventDate "2024.09.11"]

1. Nf3 d5 2. g3 Nf6 3. Bg2 e6 4. O-O Be7 5. d3 O-O 6. Nbd2 c5 7. e4 Nc6 8. e5
Nd7 9. Re1 Qc7 10. Qe2 b5 11. Nf1 Bb7 12. h4 Rfc8 13. c3 a5 14. a3 b4 15. N1h2
bxa3 16. bxa3 a4 17. Bf4 Qd8 18. Ng5 h6 19. Qh5 hxg5 20. hxg5 Nf8 21. Bh3 Ba6
22. Rad1 Qe8 23. Ng4 f5 24. Qxe8 Rxe8 25. Ne3 Ng6 26. Kg2 d4 27. cxd4 cxd4 28.
Nc2 Rab8 0-1

[Event "Olimpiade 2024 - Donne"]
[Site "Budapest"]
[Date "21.09.2024"]
[Round "10.31"]
[Board "4"]
[White "Sipos, Stefania"]
[Black "Molina, Jessica"]
[Result "1-0"]
[WhiteTitle "WCM"]
[BlackTitle "WFM"]
[WhiteElo "1993"]
[BlackElo "1945"]
[WhiteTeam "Hungary C"]
[BlackTeam "Bolivia"]
[WhiteFideId "17014239"]
[BlackFideId "3303888"]
[EventDate "2024.09.11"]

1. e4 d6 2. d4 Nf6 3. Nc3 g6 4. Bg5 Bg7 5. Qd2 c6 6. f4 b5 7. Bd3 a5 8. Nf3 b4
9. Ne2 Ba6 10. Ng3 Qb6 11. O-O c5 12. Bxa6 Nxa6 13. c3 cxd4 14. cxd4 O-O 15. Kh1
Nc7 16. f5 Qb7 17. Rae1 Rfe8 18. Bh6 e6 19. Bxg7 Kxg7 20. e5 dxe5 21. dxe5 Ng8
22. f6+ Kh8 23. Qd7 Rf8 24. Ng5 Nh6 25. Nxe6 Rfc8 26. Rc1 Qd5 27. Rxc7 Qxe6 28.
Qxe6 fxe6 29. Re7 Re8 30. Ne4 Nf5 31. Rxe8+ Rxe8 32. Ng5 h6 33. Ne4 Rc8 34. Rd1
Ne3 35. Re1 Rc2 36. h3 Nf5 37. Rd1 Kg8 38. Rd8+ Kf7 39. g4 Re2 40. gxf5 Rxe4 41.
Rd7+ Ke8 42. fxe6 Rf4 43. f7+ Kf8 44. Rd8+ Kg7 45. Rg8+ 1-0

[Event "Olimpiade 2024 - Donne"]
[Site "Budapest"]
[Date "21.09.2024"]
[Round "10.32"]
[Board "1"]
[White "Wafa, Shrook"]
[Black "Rodriguez Arrieta, Maria Elena"]
[Result "1/2-1/2"]
[WhiteTitle "WGM"]
[BlackTitle "WIM"]
[WhiteElo "2137"]
[BlackElo "1941"]
[WhiteTeam "Egypt"]
[BlackTeam "Costa Rica"]
[WhiteFideId "10609970"]
[BlackFideId "6502911"]
[EventDate "2024.09.11"]

1. e4 e5 2. Nf3 Nc6 3. Bb5 a6 4. Ba4 Nf6 5. O-O Be7 6. Re1 b5 7. Bb3 d6 8. h3
Na5 9. Nc3 O-O 10. d3 Nxb3 11. axb3 c6 12. d4 Qc7 13. Bg5 Bb7 14. Qd3 h6 15. Be3
Rfe8 16. Nh4 b4 17. Na4 exd4 18. Bxd4 c5 19. Bxf6 Bxf6 20. Nf5 Rad8 21. Re3 Bg5
22. Re2 d5 23. exd5 Rxe2 24. Qxe2 Rxd5 25. Ng3 Rd8 26. Rd1 Rxd1+ 27. Qxd1 Qc6
28. f3 Be3+ 29. Kh1 Qg6 30. Nf1 Qg5 31. Qe2 Bd4 32. c3 Bf6 33. Qe8+ Kh7 34. Qxf7
Bd5 35. Qd7 Bxb3 36. Qd3+ g6 37. Nb6 bxc3 38. bxc3 a5 39. Nd2 a4 40. Nd7 Bg7 41.
Ne4 Qc1+ 42. Kh2 Qf4+ 43. g3 Qf7 44. Ndxc5 Bc4 45. Qd1 a3 46. Qa4 a2 47. f4 Bd5
48. h4 Bxe4 49. Nxe4 Qe6 50. Kg2 a1=Q 51. Qxa1 Qxe4+ 52. Kh2 Qc2+ 53. Kh3 h5 54.
Qa7 Qxc3 55. Qe7 Qf3 56. Kh2 Qf2+ 57. Kh3 Qg1 58. Qe4 Qd1 59. Kh2 Qg4 60. Qe7
Kh6 61. Qg5+ Qxg5 62. fxg5+ Kh7 63. Kh3 1/2-1/2

[Event "Olimpiade 2024 - Donne"]
[Site "Budapest"]
[Date "21.09.2024"]
[Round "10.32"]
[Board "2"]
[White "Acevedo Mendez, Jennifer"]
[Black "Wafa, Shahenda"]
[Result "1/2-1/2"]
[WhiteTitle "WFM"]
[BlackTitle "WGM"]
[WhiteElo "1836"]
[BlackElo "2102"]
[WhiteTeam "Costa Rica"]
[BlackTeam "Egypt"]
[WhiteFideId "6504442"]
[BlackFideId "10609962"]
[EventDate "2024.09.11"]

1. e4 c5 2. c3 Nf6 3. Bd3 d6 4. Nf3 Nc6 5. Bc2 Bg4 6. O-O a6 7. h3 Bh5 8. d3 e6
9. Nbd2 Be7 10. Re1 O-O 11. Nf1 Ne5 12. N1h2 Qc7 13. g4 Nxf3+ 14. Nxf3 Bg6 15.
Nh4 Rac8 16. f4 Ne8 17. Nxg6 hxg6 18. Qf3 Qb6 19. Kg2 Nc7 20. h4 d5 21. exd5
Nxd5 22. Bb3 Qd6 23. Rh1 Nf6 24. Re1 b5 25. Bc2 Rfd8 26. Bd2 Qd5 27. Kg3 b4 28.
Re5 Qxf3+ 29. Kxf3 Nd5 30. g5 Bd6 31. Re4 Rb8 32. c4 Ne7 33. Be1 Nf5 34. Bf2 Kf8
35. Rae1 Ke7 36. Kg4 Rh8 37. Rh1 Kd7 38. Ba4+ Kc7 39. Bc2 a5 40. Ba4 Rbd8 41.
Rd1 Be7 42. Bc2 Bd6 43. Ba4 Ra8 44. Rde1 Raf8 45. Bb5 Rh5 46. Ba4 Be7 47. Rh1
Rd8 48. Rd1 Kb6 49. Bc2 Kc7 50. Ba4 Ra8 51. Rde1 Rhh8 52. Rd1 Rad8 53. Bc2 Rd7
54. Ba4 Rd6 55. Re5 Rdd8 56. Re4 Bd6 57. Bb5 Be7 58. Ba4 Rh5 59. Bc2 Ra8 60. Ba4
Ra6 61. Bb5 Rb6 62. Ba4 Rb8 63. Bc2 Rd8 64. Ba4 1/2-1/2

[Event "Olimpiade 2024 - Donne"]
[Site "Budapest"]
[Date "21.09.2024"]
[Round "10.32"]
[Board "3"]
[White "Romany, Joy"]
[Black "Bogantes Robleto, Karina"]
[Result "0-1"]
[WhiteTitle "WIM"]
[BlackTitle "WCM"]
[WhiteElo "2012"]
[BlackElo "1766"]
[WhiteTeam "Egypt"]
[BlackTeam "Costa Rica"]
[WhiteFideId "10656820"]
[BlackFideId "6504582"]
[EventDate "2024.09.11"]

1. d4 d5 2. c4 c6 3. Nf3 Nf6 4. Nc3 dxc4 5. a4 Bf5 6. Ne5 e6 7. Nxc4 c5 8. dxc5
Qxd1+ 9. Nxd1 Bxc5 10. f3 Nc6 11. Be3 Bxe3 12. Ndxe3 Rd8 13. Nxf5 exf5 14. e3
Nb4 15. Kf2 O-O 16. Be2 Nd3+ 17. Bxd3 Rxd3 18. Rhd1 Rb3 19. Rd2 g6 20. Ra3 Rxa3
21. Nxa3 Rc8 22. Nb5 Rc4 23. b3 Rb4 24. Rd3 a6 25. Nc7 Rb6 26. Rc3 Kf8 27. Ke2
Ke7 28. Kd2 Rd6+ 29. Kc2 h5 30. b4 Nd5 31. Nxd5+ Rxd5 32. Rc7+ Rd7 33. Rxd7+
Kxd7 34. Kc3 Kc6 35. Kd4 b5 36. a5 f6 37. h4 Kd6 38. g3 Kc6 39. e4 fxe4 40. Kxe4
Kd6 41. g4 Ke6 42. Kf4 Kd5 43. Ke3 Kc4 44. Ke4 Kxb4 45. f4 Kc3 46. f5 gxf5+ 47.
Kxf5 b4 48. Kxf6 b3 49. gxh5 b2 50. h6 b1=Q 51. Kg7 Qb7+ 52. Kg8 Qc8+ 53. Kg7
Qd7+ 54. Kg8 Qg4+ 55. Kh8 Qxh4 56. h7 Kb4 57. Kg7 Kxa5 0-1

[Event "Olimpiade 2024 - Donne"]
[Site "Budapest"]
[Date "21.09.2024"]
[Round "10.32"]
[Board "4"]
[White "Canales Chinchilla, Victoria"]
[Black "Allam, Yara"]
[Result "0-1"]
[BlackTitle "WCM"]
[WhiteElo "1825"]
[BlackElo "1920"]
[WhiteTeam "Costa Rica"]
[BlackTeam "Egypt"]
[WhiteFideId "6525490"]
[BlackFideId "10615709"]
[EventDate "2024.09.11"]

1. e4 c5 2. Nf3 e6 3. d4 cxd4 4. Nxd4 a6 5. Bd3 d6 6. O-O Nf6 7. Qe2 Qc7 8. Nd2
Be7 9. Kh1 Nbd7 10. c3 O-O 11. f4 Nc5 12. Bc2 g6 13. f5 e5 14. N4b3 Nh5 15. Nf3
Re8 16. g4 Nf6 17. Nxc5 Qxc5 18. Be3 Qc6 19. Nd2 b5 20. g5 Nxe4 21. Bxe4 d5 22.
f6 Bd6 23. Bg2 Bf5 24. Nb3 Rad8 25. Rad1 Bf8 26. Qf2 Qc4 27. Na5 Qa4 28. b3 Qxa5
29. Bb6 Qxc3 30. Bxd8 Rxd8 31. Rxd5 Rxd5 32. Bxd5 Qd3 33. Qf3 Qd2 34. h4 Qd4 35.
Rd1 Qxh4+ 36. Kg2 Qxg5+ 37. Kf1 Bg4 38. Qd3 Bxd1 39. Bxf7+ Kxf7 40. Qd5+ Kxf6 0-1

[Event "Olimpiade 2024 - Donne"]
[Site "Budapest"]
[Date "21.09.2024"]
[Round "10.33"]
[Board "1"]
[White "Wagener, Anna"]
[Black "Garcia, Angie"]
[Result "1-0"]
[WhiteTitle "WGM"]
[BlackTitle "WIM"]
[WhiteElo "2251"]
[BlackElo "2015"]
[WhiteTeam "Luxembourg"]
[BlackTeam "El Salvador"]
[WhiteFideId "13900285"]
[BlackFideId "6702503"]
[EventDate "2024.09.11"]

1. e4 e6 2. Nf3 d5 3. Nc3 Nf6 4. e5 Nfd7 5. d4 c5 6. dxc5 Bxc5 7. Bd3 Nc6 8. Bf4
h6 9. Qe2 g5 10. Bg3 g4 11. Nd2 Qg5 12. f4 Qg7 13. Nb3 Be7 14. O-O-O a6 15. Kb1
h5 16. Bf2 Nb4 17. Rhe1 Nxd3 18. Rxd3 Qg6 19. Rdd1 b6 20. Nd4 Nc5 21. f5 Qh7 22.
b4 Nb7 23. a3 Nd8 24. h3 gxh3 25. gxh3 a5 26. f6 Bf8 27. Qb5+ Bd7 28. Qxb6 axb4
29. Ncb5 Rc8 30. Nd6+ Bxd6 31. Qxd6 1-0

[Event "Olimpiade 2024 - Donne"]
[Site "Budapest"]
[Date "21.09.2024"]
[Round "10.33"]
[Board "2"]
[White "Vasquez Vasquez, Marielos"]
[Black "Steil-Antoni, Fiona"]
[Result "1/2-1/2"]
[WhiteTitle "WCM"]
[BlackTitle "WIM"]
[WhiteElo "1844"]
[BlackElo "2085"]
[WhiteTeam "El Salvador"]
[BlackTeam "Luxembourg"]
[WhiteFideId "6705723"]
[BlackFideId "4001249"]
[EventDate "2024.09.11"]

1. d4 d5 2. c4 dxc4 3. e3 Be6 4. Qc2 c6 5. Bxc4 Bxc4 6. Qxc4 Nf6 7. Nf3 e6 8.
O-O Be7 9. Nc3 O-O 10. Rd1 a5 11. e4 b5 12. Qe2 Qc7 13. Bg5 Rd8 14. Rac1 Qb7 15.
e5 Ne8 16. Ne4 Bxg5 17. Nfxg5 Qe7 18. Rc3 h6 19. Nh3 Ra7 20. Rg3 Qf8 21. Nf4
Rad7 22. Qe3 c5 23. d5 exd5 24. Nxc5 d4 25. Qa3 Rc7 26. Ne4 Qxa3 27. Rxa3 Re7
28. Rxa5 Rxe5 29. f3 f5 30. Nf2 Nc7 31. N2d3 Re7 32. Ng6 Re6 33. Ngf4 Red6 34.
Ra7 R8d7 35. Rb7 Nc6 36. Rc1 g5 37. Ne2 Re7 38. Rc2 f4 39. g3 Nd5 40. Rxb5 Ne3
41. Rd2 fxg3 42. hxg3 Nc4 43. Rc2 N4e5 44. Nec1 Nxf3+ 45. Kg2 Nfe5 46. Rb6 Ree6
47. b4 Ng4 48. Kh3 Ne3 49. Rc5 Nd5 50. Rb7 Re3 51. Kg2 h5 52. b5 Nce7 53. a4 h4
54. gxh4 gxh4 55. a5 Rg6+ 56. Kh2 Reg3 57. Rxe7 Rg2+ 58. Kh3 R2g3+ 59. Kh2 Rg2+
60. Kh3 R2g3+ 61. Kh2 1/2-1/2

[Event "Olimpiade 2024 - Donne"]
[Site "Budapest"]
[Date "21.09.2024"]
[Round "10.33"]
[Board "3"]
[White "Bakalarz, Grazyna"]
[Black "Zavala Galindo, Alejandra Beatriz"]
[Result "0-1"]
[WhiteTitle "WFM"]
[BlackTitle "WCM"]
[WhiteElo "1928"]
[BlackElo "1870"]
[WhiteTeam "Luxembourg"]
[BlackTeam "El Salvador"]
[WhiteFideId "4000730"]
[BlackFideId "6703089"]
[EventDate "2024.09.11"]

1. d4 d6 2. Nf3 g6 3. e4 Bg7 4. Nc3 c6 5. Be3 d5 6. exd5 cxd5 7. Bb5+ Bd7 8. O-O
Bxb5 9. Nxb5 a6 10. Nc3 Nf6 11. Qd2 Nc6 12. Rfe1 O-O 13. Bh6 e6 14. Bxg7 Kxg7
15. Ne5 Rc8 16. Rad1 Na5 17. Re3 Nc4 18. Nxc4 Rxc4 19. Rh3 h5 20. Qf4 Qc7 21.
Qxc7 Rxc7 22. Kf1 b5 23. a3 Rfc8 24. Rhd3 Ne4 25. Ne2 Rxc2 26. f3 Nd6 27. b3 Ra2
28. Rc1 Rxc1+ 29. Nxc1 Rxa3 30. Rc3 b4 31. Rc6 Nb5 32. Nd3 Rxb3 33. Nc5 Rb1+ 34.
Kf2 Nxd4 35. Rxa6 Rb2+ 36. Kf1 Nf5 37. Nd3 Ne3+ 0-1